[Event "AUTO-ADV-4925"]
[Site "http://www.queenalice.com/game.php?id=1870690"]
[Date "2026.3.19"]
[Round "1"]
[White "Daniel1962"]
[Black "maurice916"]
[Result "0-1"]
[WhiteElo "1768"]
[BlackElo "1852"]

1. d4 Nf6 2. Bf4 d6 3. Nc3 Nbd7 4. Nf3 e6 5. e4 c6 6. e5 dxe5 7. dxe5 Nd5 8.
Nxd5 cxd5 9. Bb5 Be7 10. Bxd7+ Bxd7 11. a3 Qb6 12. b4 Rc8 13. Bg5 f6 14. exf6
gxf6 15. Be3 Qa6 16. Nd4 e5 17. Nb3 d4 18. Bd2 Qc4 19. Qh5+ Qf7 20. Qxf7+ Kxf7
21. Na5 Rxc2 22. Nxb7 Bc6 23. Nc5 Bxg2 24. Rg1 Bd5 25. Bh6 Rg8 26. Rxg8 Kxg8 27.
Na4 Bc4 28. f4 e4 29. f5 Rxh2 30. Bc1 Bd6 31. Nb2 Bg3+ 32. Kd1 Bb3# 0-1

[Event "AUTO-ADV-4925"]
[Site "http://www.queenalice.com/game.php?id=1870691"]
[Date "2026.3.19"]
[Round "1"]
[White "maurice916"]
[Black "Daniel1962"]
[Result "0-1"]
[WhiteElo "1825"]
[BlackElo "1728"]

1. Nf3 Nc6 2. d4 e6 3. c4 Nge7 4. Nc3 d5 5. e3 dxc4 6. Bxc4 a6 7. O-O b5 8. Bb3
Nf5 9. Bc2 Nh4 10. Nxh4 Qxh4 11. Be4 Bb7 12. g3 Qg5 13. Bg2 Bb4 14. a3 Bxc3 15.
bxc3 h5 16. h4 Qe7 17. Bd2 g5 18. hxg5 Qxg5 19. e4 Qe7 20. Qb3 h4 21. g4 h3 22.
Bh1 Qh4 23. Bf3 h2+ 24. Kh1 Qf6 25. Bg2 Ne7 26. f4 Ng6 27. a4 Bc6 28. axb5 Bxb5
29. e5 Qg7 30. Bxa8 Bxf1 31. Rxf1 Nh4 32. c4 Qxg4 33. Bb4 Kd7 34. Qa4+ Kd8 35.
Be4 Qe2 36. Be7+ Kxe7 37. Qb4+ Kd7 38. Re1 Qa2 39. Qc5 Qf2 40. Qc6+ Ke7 41.
Qxc7+ Kf8 42. Rb1 Qxf4 43. Qc6 Kg7 44. Ra1 a5 45. c5 Qg3 46. Qb5 Qc3 47. Qa4 Nf3
48. Qd1 Nxd4 49. Qg4+ Kf8 50. Rf1 Qxc5 51. Bg6 Qd5+ 52. Qg2 Qxg2+ 53. Kxg2 f5
54. exf6 h1=Q+ 55. Rxh1 Rxh1 56. Kxh1 a4 57. Bb1 a3 58. Ba2 Kf7 59. Kg2 Kxf6 60.
Kf2 e5 61. Ke3 Kf5 62. Kd3 Nb5 63. Kc4 e4 64. Kxb5 e3 65. Bc4 a2 66. Bxa2 e2 67.
Bc4 e1=Q 68. Kc5 Ke5 69. Kb5 Kd4 70. Bg8 Qe8+ 0-1

[Event "AUTO-ADV-4926"]
[Site "http://www.queenalice.com/game.php?id=1870865"]
[Date "2026.3.24"]
[Round "1"]
[White "Daniel1962"]
[Black "chessman"]
[Result "0-1"]
[WhiteElo "1729"]
[BlackElo "2031"]

1. d4 d5 2. Nc3 e6 3. Nf3 c5 4. dxc5 Bxc5 5. e3 Nf6 6. Ne5 O-O 7. Bd3 a6 8. Na4
Ba7 9. O-O b5 10. Nc3 d4 11. exd4 Bxd4 12. Nf3 Bb7 13. Ng5 Bxc3 14. bxc3 h6 15.
Ne4 Nxe4 16. Bxe4 Bxe4 17. Qg4 Bg6 18. h4 Nc6 19. h5 Bxc2 20. Bxh6 Qf6 21. Bg5
Qf5 22. Qxf5 Bxf5 23. f3 f6 24. Be3 e5 25. Kf2 Rfd8 26. g4 Be6 27. g5 fxg5 28.
Bxg5 Rf8 29. Rg1 Rf5 30. h6 g6 31. Bh4 Kh7 32. a4 Raf8 33. axb5 Rxf3+ 34. Ke2
Bc4+ 35. Kd2 Bxb5 36. Bg5 Rf2+ 37. Kc1 Rf1+ 38. Rxf1 Rxf1+ 39. Kb2 Rxa1 40. Kxa1
e4 41. Kb2 Ne5 42. Kb3 Nf7 43. Be3 Nxh6 44. c4 Bc6 45. Kb4 Nf5 46. Bc1 e3 47.
Kc5 e2 48. Bd2 Bf3 49. Kb6 a5 50. Kxa5 Nd4 51. c5 Nb3+ 52. Kb5 Nxd2 53. c6 Bxc6+
54. Kxc6 e1=Q 0-1

[Event "AUTO-ADV-4926"]
[Site "http://www.queenalice.com/game.php?id=1870866"]
[Date "2026.3.24"]
[Round "1"]
[White "chessman"]
[Black "Daniel1962"]
[Result "1-0"]
[WhiteElo "1985"]
[BlackElo "1778"]

1. e4 e5 2. Nf3 f6 3. Nxe5 Qe7 4. Nf3 Qxe4+ 5. Be2 g5 6. O-O Nh6 7. Nxg5 fxg5 8.
Bh5+ Kd8 9. Re1 Qxe1+ 10. Qxe1 Be7 11. Nc3 c6 12. d4 d5 13. Qe5 Rf8 14. Bxg5
Bxg5 15. Qxg5+ Kc7 16. Qxh6 Nd7 17. Qxh7 Kb6 18. Qh6 Nf6 19. Qxf8 Nxh5 20. Nxd5+
cxd5 21. Qh6+ Kb5 22. Qxh5 Kc4 23. Rd1 b5 24. Qe2+ Kb4 25. Qd2+ Ka4 26. b3+ Ka3
27. c3 b4 28. cxb4 Rb8 29. Rb1 Ba6 30. Qb2+ Kxb4 31. Qd2+ Ka3 32. Qa5# 1-0

[Event "AUTO-ADV-4927"]
[Site "http://www.queenalice.com/game.php?id=1871263"]
[Date "2026.3.30"]
[Round "1"]
[White "Capixabba789"]
[Black "Daniel1962"]
[Result "1-0"]
[WhiteElo "1871"]
[BlackElo "1758"]

1. d4 d5 2. Nc3 c6 3. f4 Nf6 4. Nf3 Bg4 5. e3 Nbd7 6. Bd3 e6 7. O-O c5 8. Qe1
cxd4 9. exd4 Bxf3 10. Rxf3 Bb4 11. Bd2 Qb6 12. Qf2 Bxc3 13. Bxc3 Ne4 14. Qh4
Nxc3 15. bxc3 Qb2 16. Qg5 Qxa1+ 17. Kf2 g6 18. h4 Qxc3 19. h5 f6 20. Qh6 O-O-O
21. a4 Qxd4+ 22. Re3 e5 23. fxe5 fxe5 24. c3 Rdf8+ 25. Ke2 gxh5 26. cxd4 exd4
27. Rf3 Nc5 28. Rxf8+ Rxf8 29. Qxh5 Nxa4 30. Qh4 Nc3+ 31. Kd2 b5 32. Qxd4 Na4
33. Bxb5 Nb6 34. Qc5+ Kb7 35. Qxf8 a5 36. Qg7+ Kb8 37. Qxh7 a4 38. Bxa4 Nxa4 39.
Qg8+ 1-0

[Event "AUTO-ADV-4927"]
[Site "http://www.queenalice.com/game.php?id=1871264"]
[Date "2026.3.30"]
[Round "1"]
[White "Daniel1962"]
[Black "Capixabba789"]
[Result "0-1"]
[WhiteElo "1770"]
[BlackElo "1861"]

1. e4 e5 2. Nf3 d6 3. d4 exd4 4. Nxd4 Nf6 5. Bg5 Be7 6. Bc4 O-O 7. h4 Nxe4 8.
Bxe7 Qxe7 9. Ne2 Bf5 10. f3 Ng3 11. Rh2 Na6 12. Bxa6 bxa6 13. Nc3 Qe5 14. Qd2
Rfe8 15. O-O-O Nxe2+ 16. Nxe2 Qxh2 17. Nd4 Be6 18. Nxe6 fxe6 19. Qf2 Qe5 20. g4
Rab8 21. c3 Qb5 22. Rd2 a5 23. Qxa7 Qf1+ 24. Kc2 Qxf3 25. Qxc7 d5 26. g5 d4 27.
Rxd4 Rbc8 28. Qxa5 Qh1 29. b4 Qg1 30. Qe5 Qa1 31. Rd7 Qxa2+ 32. Kd3 Qb1+ 33. Kd2
Qb2+ 34. Ke3 Rxc3+ 35. Kf4 Rf3+ 36. Kxf3 Qxe5 0-1